000 00914nam a2200229Ii 4500
003 JO-AjNU
008 230605s9999||||xx |||||||||||||| ||und||
017 _a1983/3/192
040 _aJO-AjNU
_bara
_erda
_cJO-AjNU
041 _aara
050 1 4 _aDS128.S2 1983
100 3 _aاعداد السعدي، غازي,
_eauthor
_957305
245 0 0 _aالحرب الفلسطينية الاسرائيلية في لبنان : وثيقة جرم وادانة
250 _aط1
264 3 1 _aعمان: دار الجليل للنشر، 1983
300 _a275ص
_bيحتوي ببلوغرافية
336 _atext
_btxt
_2rdacontent
337 _aunmediated
_bn
_2rdamedia
338 _avolume
_bnc
_2rdacarrier
490 0 _aالحرب الفلسطينية الاسرائبلبة في لبنان ، 3
650 4 _aالنزاع العربي الاسرائيلي - تاريخ الاحتلال الاسرائيلي
_957306
999 _aA25670
_c29238
_d29238